000 01542nam0a22003131 4500
001 rc\4014054
005 20260406135749.0
021 _aRU
_b[56-40079]
035 _a(NLR Aleph) 008081608
090 _a9127219
_c9127219
100 _a20130415d1956 |||y0rusy50 ca
101 0 _arus
102 _aRU
105 _ay z |||||
200 1 _aАлиментарная кетонурия суягных овец
_e(Жировая дистрофия печени)
_fСарат. обл. правл. Науч.-техн. о-ва сельского и лесного хозяйства. Сарат. зоотехн. вет. ин-т
210 _aСаратов
_cКоммунист
_d1956
215 _a11 с.
_d20
225 1 _aВ помощь лектору
300 _aСост. указаны на обороте тит. л.: д-р вет. наук проф. А.М. Колесов, аспиранты Р.В. Горбелик и И.Л. Дементьев
606 _aАлиментарная кетонурия овец
_2psbo
700 1 _aКолесов
_bА.М.
_gАлександр Михайлович
_4220
701 1 _aДементьев
_bИ.Л.
_4220
701 1 _aГорбелик
_bР.В.
_4220
712 0 2 _aНаучно-техническое о-во сельского и лесного хозяйства
_cМосква
_bСаратовское обл. правление
_3RU\NLR\AUTH\889918746
_9333619
801 0 _aRU
_bNLR
_gpsbo
801 1 _aRU
_bELAR
_2rusmarc
852 _aNLR
_jВт02 Г-4/1566
942 _cBOOK
980 _aNB